| 000 | 00329nam a22001217a 4500 | ||
|---|---|---|---|
| 008 | 160519b xxu||||| |||| 00| 0 eng d | ||
| 020 | _a9780814796689 | ||
| 020 | _a0814796680 | ||
| 041 | _aeng | ||
| 080 | _a159.9 | ||
| 245 |
_aEssential papers on the psychologyn of women: _cMelanie Klein; William I. Grossman; |
||
| 942 |
_2udc _cBK |
||
| 999 |
_c2240 _d2240 |
||